Engineering Thermodynamics with Heat Transfer (Record no. 57810)
[ view plain ]
| 000 -LEADER | |
|---|---|
| fixed length control field | 00463nam a22001817a 4500 |
| 020 ## - INTERNATIONAL STANDARD BOOK NUMBER | |
| ISBN | 0205113648 |
| 022 ## - INTERNATIONAL STANDARD SERIAL NUMBER | |
| ISSN | 978-0205113644 |
| 082 ## - DEWEY DECIMAL CLASSIFICATION NUMBER | |
| Classification number | 621.4021HAB |
| 100 ## - MAIN ENTRY--AUTHOR NAME | |
| Personal name | Haberman W |
| 245 ## - TITLE STATEMENT | |
| Title | Engineering Thermodynamics with Heat Transfer |
| 250 ## - EDITION STATEMENT | |
| Edition statement | 2nd ed |
| 260 ## - PUBLICATION, DISTRIBUTION, ETC. (IMPRINT) | |
| Place of publication | New Delhi |
| Name of publisher | Parson Education |
| Year of publication | 2016 |
| 300 ## - PHYSICAL DESCRIPTION | |
| Number of Pages | 705 |
| 650 ## - SUBJECT ADDED ENTRY--TOPICAL TERM | |
| Topical Term | Thermodynamics |
| 650 ## - SUBJECT ADDED ENTRY--TOPICAL TERM | |
| Topical Term | Heat--Transmission |
| 700 ## - ADDED ENTRY--PERSONAL NAME | |
| Personal name | John, James E. A - Haberman, William L |
| 942 ## - ADDED ENTRY ELEMENTS (KOHA) | |
| Koha item type | Books |
| Withdrawn status | Lost status | Collection code | Home library | Current library | Date acquired | Cost, normal purchase price | Full call number | Accession Number | Koha item type |
|---|---|---|---|---|---|---|---|---|---|
| Central Library, QUEST, Nawabshah | Central Library, QUEST, Nawabshah | 17/08/2017 | 935.00 | 621.4021HAB | 55348 | Books | |||
| Reference | Reference Section | Reference Section | 17/08/2017 | 935.00 | 621.4021HAB (Shelf - 63E) | 55347 | Books | ||
| Reference | Reference Section | Reference Section | 17/08/2017 | 935.00 | 621.4021HAB (Shelf - 63E) | 55349 | Books |